000 00280nam a22001337a 4500
008 181205b xxu||||| |||| 00| 0 eng d
020 _a0060466324
041 _aeng
080 _23 th
_a541
100 _a12
101 _akim
245 _aChemistry
_cKaren.t
942 _2udc
_cBK
999 _c52899
_d52899